000
00257nam a2200109Ia 4500
008
190216s9999||||xx |||||||||||||| ||und||
100
_a
Tandom B N
245
0
_a
Questions And Answers On Auditing
260
_b
S Chand & Co
_c
1989
300
_a
80p
942
_c
BK
999
_c
5435
_d
5435